Sistema Penal para o Terceiro Milênio: atos do Colóquio Marc Ancel

Guardado en:  
Detalles Bibliográficos
Autor Corporativo: Colóquio Marc Ancel. (1990) (Otro)
Otros Autores: Araújo Júnior, João Marcello de (Editor)
Tipo de documento: Print Libro
Lenguaje:Portugués
Publicado: Rio de Janeiro Ed. Revan 1991
En:Año: 1991
Edición:2. ed.
Disponibilidad en Tübingen:Disponible en Tübingen.
UB: KB 18 A 9053
Verificar disponibilidad: HBZ Gateway
Servicio de pedido Subito: Pedir ahora.
Palabras clave:

MARC

LEADER 00000cam a2200000 c 4500
001 1604413565
003 DE-627
005 20220605105807.0
007 tu
008 920131s1991 xx ||||| 00| ||por c
020 |a 8571060266  |9 85-7106-026-6 
035 |a (DE-627)1604413565 
035 |a (DE-576)027152510 
035 |a (DE-599)BSZ027152510 
035 |a (OCoLC)50696366 
040 |a DE-627  |b ger  |c DE-627  |e rakwb 
041 |a por 
245 0 0 |a Sistema Penal para o Terceiro Milênio  |b atos do Colóquio Marc Ancel  |c org.: João Marcello de Araujo Junior 
250 |a 2. ed. 
264 1 |a Rio de Janeiro  |b Ed. Revan  |c 1991 
300 |a 305 S. 
336 |a Text  |b txt  |2 rdacontent 
337 |a ohne Hilfsmittel zu benutzen  |b n  |2 rdamedia 
338 |a Band  |b nc  |2 rdacarrier 
583 1 |a Archivierung prüfen  |c 20200919  |f DE-640  |z 2  |2 pdager 
655 7 |a Konferenzschrift  |0 (DE-588)1071861417  |0 (DE-627)826484824  |0 (DE-576)433375485  |2 gnd-content 
700 1 |a Araújo Júnior, João Marcello de  |e Hrsg.  |0 (DE-627)1236046676  |0 (DE-576)166046671  |4 edt 
711 2 |a Colóquio Marc Ancel  |d 1990  |0 (DE-588)5065658-2  |0 (DE-627)709174691  |0 (DE-576)193987880  |4 oth 
951 |a BO 
ELC |b 1 
LOK |0 000 xxxxxcx a22 zn 4500 
LOK |0 001 3102555047 
LOK |0 003 DE-627 
LOK |0 004 1604413565 
LOK |0 005 20151012195911 
LOK |0 008 920131||||||||||||||||ger||||||| 
LOK |0 040   |a DE-21  |c DE-627  |d DE-21 
LOK |0 852   |a DE-21 
LOK |0 852 1  |c KB 18 A 9053  |9 00 
LOK |0 935   |a krim 
LOK |0 939   |a 31-01-92  |b l01 
ORI |a SA-MARC-krimdoka001.raw 
SIG |a UB: KB 18 A 9053